01107nab a22002177a 4500999001500000003000400015005001700019008004100036040000700077100003200084245008700116260007300203300001500276500003500291505026000326505008100586650002300667650002800690773015800718942001300876 c6418d6418OSt20260202132435.0190429b xxu||||| |||| 00| 0 spa d cPJ aLeiva, Ricardo Daniel9705213aLa conducta ética de los litigantes en el proceso penal /cRicardo Daniel Leiva. cCiudad Autónoma de Buenos Aires :aThomson Reuters La Ley, b2023. ap. 159-169 aCita Online: AR/DOC/1817/2023. aSumario: I. Introducción.— II. Los principios procesales de la litigación: el buen litigante.— III. La conducta de los litigantes en el proceso acusatorio-adversarial.— IV. La actitud del buen litigante durante el proceso penal.— V. Colofón. tSi te interesa el texto completo, solicitalo a koha@justierradelfuego.gov.ar 09343aDERECHO PENAL 09353aETICA PROFESIONAL 0 0265893164tRevista de derecho penal y criminología. Nº 9 - Octubre 2023dCiudad Autónoma de Buenos Aires : Thomson Reuters La Ley, 2017-x00347914 2udccANA